Catálogo

Guía Comares de Aristóteles / (Registro nro. 70600)

Detalles MARC
000 -LEADER
fixed length control field 01094cam a2200325 i 4500
001 - CONTROL NUMBER
control field 70600
003 - CONTROL NUMBER IDENTIFIER
control field Mx-PuUPA
005 - DATE AND TIME OF LATEST TRANSACTION
control field 20250212130436.0
008 - FIXED-LENGTH DATA ELEMENTS--GENERAL INFORMATION
fixed length control field 231002s2024 sp gr 000 0 spa d
017 ## - COPYRIGHT OR LEGAL DEPOSIT NUMBER
Copyright or legal deposit number Gr. 624/2024
020 ## - INTERNATIONAL STANDARD BOOK NUMBER
International Standard Book Number 9788413697987
040 ## - CATALOGING SOURCE
Transcribing agency Mx-PuUPA
Original cataloging agency Mx-PuUPA
Language of cataloging spa
Modifying agency Mx-PuUPA
Description conventions rda
041 0# - LANGUAGE CODE
Language code of text/sound track or separate title spa
245 00 - TITLE STATEMENT
Title Guía Comares de Aristóteles /
Statement of responsibility, etc. edición, Alejandro G. Vigo
246 3# - VARYING FORM OF TITLE
Title proper/short title Aristóteles.
264 #1 - PRODUCTION, PUBLICATION, DISTRIBUTION, MANUFACTURE, AND COPYRIGHT NOTICE
Place of production, publication, distribution, manufacture Granada :
Name of producer, publisher, distributor, manufacturer Editorial Comares,
Date of production, publication, distribution, manufacture, or copyright notice 2024
300 ## - PHYSICAL DESCRIPTION
Extent 266 páginas ;
Dimensions 25 cm
336 ## - CONTENT TYPE
Fuente rdacontent
Content type term texto
Content type code txt
337 ## - MEDIA TYPE
Source rdamedia
Media type term sin medio
Media type code n
338 ## - CARRIER TYPE
Source rdacarrier
Carrier type term volumen
Carrier type code nc
490 0# - SERIES STATEMENT
Series statement Colección Guía Comares ;
Volume/sequential designation 15
600 04 - SUBJECT ADDED ENTRY--PERSONAL NAME
Personal name Aristóteles
General subdivision Crítica e interpretación
600 04 - SUBJECT ADDED ENTRY--PERSONAL NAME
Personal name Aristóteles, 384-322 a. C.
General subdivision Crítica e interpretación
650 #7 - SUBJECT ADDED ENTRY--TOPICAL TERM
Source of heading or term armarc
Topical term or geographic name entry element Filosofía griega
Chronological subdivision Siglo IV a. C.
9 (RLIN) 13986
700 1# - ADDED ENTRY--PERSONAL NAME
Personal name Vigo, Alejandro G.,
Relator term editor
942 ## - ADDED ENTRY ELEMENTS (KOHA)
Source of classification or shelving scheme Dewey Decimal Classification
Koha item type Libro
Classification part 185
Item part G94
Existencias
Withdrawn status Lost status Source of classification or shelving scheme Damaged status Not for loan Collection code Home library Current library Shelving location Date acquired Total Checkouts Total Renewals Full call number Barcode Checked out Date last seen Date last checked out Price effective from Koha item type
    Dewey Decimal Classification     Magisterial Biblioteca Karol Wojtyla Biblioteca Karol Wojtyla Módulo de circulación 03/12/2013 2 2 185 G94 2024 48236 17/02/2027 08/05/2025 08/05/2025 03/12/2013 Magisterial